| 000 | 00394 a2200157 4500 | ||
|---|---|---|---|
| 020 | _a9789385389146 | ||
| 082 |
_aH4 _bSAN/S |
||
| 100 | _aSanjay Navle | ||
| 245 |
_aSruchan rang aur rekhayein (dalit vimarsh)/ _cby Sanjay Navle |
||
| 260 |
_bAman Prakasan, _aKanpur: _c2015. |
||
| 300 | _a192p. | ||
| 650 | _aEssays Hindi | ||
| 650 | _aLiterature Hindi | ||
| 650 | _aLiterature | ||
| 942 | _cBK | ||
| 999 |
_c60805 _d60805 |
||